South Eastern Kenya University

Library Online Public Access Catalogue


Principals management practices and promotion of social cohesion in public secondary in Machakos county (Record no. 18777)

MARC details
000 -LEADER
fixed length control field 00335nam a22001097a 4500
050 ## - LIBRARY OF CONGRESS CALL NUMBER
Classification Number (The) L 16
Item Number .K3 2024
100 ## - MAIN ENTRY--Author
Personal name Kaluku Esther Nthoki
245 ## - TITLE
Title Principals management practices and promotion of social cohesion in public secondary in Machakos county
300 ## - PHYSICAL DESCRIPTION
Extent 107p.
650 ## - SUBJECT--TOPIC
Topical term following geographic name as entry element Management of schools
942 ## - ADDED ENTRY ELEMENTS(KOHA)
Source of classification or shelving scheme Library of Congress Classification
Koha item type Thesis
Holdings
Source of classification or shelving scheme Not for loan Location (home branch) Sublocation (holding branch) Shelving location Date accessioned Full call number Barcode Koha item type
Library of Congress Classification   Wote Campus Library Wote Campus Library Reference 09/03/2026 (The) L 16 .K3 2024 2024/027123 Thesis
Kitui, Kenya.
+254736116989
library@seku.ac.ke